000 01416nam a22002777a 4500
005 20170420151424.0
008 140714b xxu||||| |||| 00| 0 Urdu d
010 _aUR-148 B-548061-064 B-666004
020 _c150.00
035 _aU-148 B-548061-064 B-666004
037 _bBPPD/Pub/Ven
037 _bK K Publications/Idara KItabush Shifa(Pub.)
040 _aDPL
_bUrdu
082 _a615.53
100 _aڈ ا کٹر سليم ا ختر
245 _aيو نا نی جر نل نو لجکے سو ا لا ت کا و جو ا با ت
_cڈ ا کٹر سليم ا ختر
246 _aUnani General Knowledge M.C.Q.S.
_bbyDr. Saleem Akhtar
260 _bIdara Kitab-US-Shifa
_c2014
_aNew Delhi
260 _bk.K.P. (Vender)
270 _a2075,Ist Floor ,Masjid Mazar Wali ,Nahar Khan Street,Kucha Chelan Darya Ganj
_bNew Delhi
_e110002
_k23283494,9312273887
270 _a 4806/24,Bharat Ram Road ,Dariya Ganj,
_bNew Delhi (Vender)
_e110002
_k011 64527574,Fax47340207,M:9213116968-
300 _a186ص
_c22cm (Hb)
942 _2ddc
_cUR
_h615.53
_mس ل ی
999 _c87416
_d87416